Diseño del espesor de pavimento semiflexible de 8.5 Km lineales por el método AASHTO 93 en el tramo Santa Rosa - Las Cidras municipio de San Isidro, departamento de Matagalpa

El trabajo tiene como objetivo diseñar 5.5 km de estructura de pavimento con adoquín, en el tramo de carretera Santa Rosa-Las Sidras, municipio de San Isidro, departamento de Matagalpa por medio del método AASHTO-93.

Bibliographic Details
Main Authors: Montenegro Cruz, Azael Antonio, Pauth Laguna, Fátima Lucia
Other Authors: Tutor: Sierra Mercado, Jimmy
Format: Tesis Section = Libro
Language:Undetermined
Spanish
Published: Managua UNI/RUACS 2015
Subjects:
LEADER 01105nam a2200253Ia 4500
008 240830s9999 xx 000 0 und d
040 |a BIBLIOTECA-RUPAP T.Mon 625.85 M777 
041 |a spa 
082 |a T.Mon 625.85 M777 
100 1 |a Montenegro Cruz, Azael Antonio 
100 1 |b Pauth Laguna, Fátima Lucia 
245 1 0 |a Diseño del espesor de pavimento semiflexible de 8.5 Km lineales por el método AASHTO 93 en el tramo Santa Rosa - Las Cidras municipio de San Isidro, departamento de Matagalpa 
260 |a Managua  |b UNI/RUACS  |c 2015 
300 |a 92 p. :il. 
500 |a Contiene: anexos. 
502 |a Tesis (Ingeniero Civil)- UNI, 2015. 
520 3 |a El trabajo tiene como objetivo diseñar 5.5 km de estructura de pavimento con adoquín, en el tramo de carretera Santa Rosa-Las Sidras, municipio de San Isidro, departamento de Matagalpa por medio del método AASHTO-93. 
650 7 |a PAVIMENTOS 
650 7 |b PAVIMENTOS FELEXIBLES-DISEÑO 
650 7 |c CARRETERAS-MANTENIMIENTO Y REPACION. 
700 1 |a Tutor:  |b Sierra Mercado, Jimmy 
942 |c BK  |2 ddc 
991 |a TESIS 
999 |c 18374